000 00435nam a22001817a 4500
003 MPLRDC
005 20220104123730.0
008 210129b ||||| |||| 00| 0 eng d
082 _a544.5 CDQ
100 _a蔡狄秋编译
245 _a培养女性的魅力
_c
250 _a初版
260 _a
_b文国书局
_c1989
300 _b
490 _a现代女性新知. 7
650 _a妇女; 女性
942 _cBK
_o544.5 CDQ
999 _c13755
_d13745